000 00695nam a2200217Ii 4500
003 JO-AjNU
008 230606s9999||||xx |||||||||||||| ||und||
020 _a978-1-138-39315-8
040 _aJO-AjNU
_beng
_erda
_cJO-AjNU
041 _aeng
050 1 4 _aLC3965.M58 2020
100 3 _aMitchell,David/Dean Sutherland,
_eauthor
_96218
245 0 0 _aWhat Really Works in Special and Inclusive Education USING Evidence-Based Teaching Strategies
250 _a3ed
264 3 1 _aNEW YORK:Routldge,2020
300 _a446p
336 _atext
_btxt
_2rdacontent
337 _aunmediated
_bn
_2rdamedia
338 _avolume
_bnc
_2rdacarrier
650 4 _aSpecial eduction- inclusive education
_96219
999 _aE3227
_c3223
_d3223